The Handbook of Law and Society

Detalles Bibliográficos
Autor principal: Sarat, Austin
Otros Autores: Ewick, Patricia
Formato: eBook
Lenguaje:inglés
Publicado: Hoboken: Wiley, 2015
Materias:
Acceso en línea:Acceso restringido

MARC

LEADER 00000nam a22000007a 4500
005 20210309215810.0
007 cr|||| ||||
008 210309s2015 us |||||s|||| 00||0 eng d
020 |a 978-1-118-70144-7 
035 |a 32442 
040 |a vLex 
090 |c 11333  |d 11333 
100 1 |a Sarat, Austin 
245 1 3 |a The Handbook of Law and Society  |h [Recurso electrn̤ico] /  |c Austin Sarat, Patricia Ewick 
256 |a Servicio en ln̕ea 
260 |a Hoboken:  |b Wiley,  |c 2015 
300 |a 1 recurso electrn̤ico 
500 |a Bringing a timely synthesis to the field, The Handbook of Law and Society presents a comprehensive overview of key research findings, theoretical developments, and methodological controversies in the field of law and society. Provides illuminating insights into societal issues that pose ongoing real-world legal problems Offers accessible, succinct overviews with in-depth coverage of each topic, including its evolution, current state, and directions for future research Addresses a wide range of emergent topics in law and society and revisits perennial questions about law in a global world including the widening gap between codified laws and “law in action”, problems in the implementation of legal decisions, law’s constitutive role in shaping society, the importance of law in everyday life, ways legal institutions both embrace and resist change, the impact of new media and technologies on law, intersections of law and identity, law’s relationship to social consensus and conflict, and many more Features contributions from 38 international expert scholars working in diverse fields at the intersections of legal studies and social sciences Unique in its contributions to this rapidly expanding and important new multi-disciplinary field of study 
506 1 |a Disponible solo en los productos indicados  |d vLex Global  |d vLex Global (Academic Edition, excluding Law Schools)  |d vLex Global (Academic Edition, Law Schools) 
650 0 4 |a Ciencias sociales  |z Estados Unidos 
700 1 |a Ewick, Patricia 
740 0 |a vLex Libros (Servicio en ln̕ea) 
856 4 0 |u http://vlex.com/source/the-handbook-of-law-and-society-32442  |z Acceso restringido 
942 |c BOOK 
999 0 |a Social Sciences